Datum a čas kvízu
26.5
Celkem bodů
Celkový počet nahraných bodů na tomto kvízu bez doplňovacích otázek.
11.
Pořadí na kvízu
Konečné umístění týmu na tomto kvízu.
Zaznamenané odpovědi
| # | Otázka | Odpověď | Body | Výsledky |
|---|---|---|---|---|
| 1. | Minulý týden bylo oznámeno, že... | v Brazílii | 0 | |
| 2. | Prezident jedné jihoamerické z... | Venezuela | 0 | |
| 3. | Tvůrci jednoho oblíbeného seri... | Simpsonovi | 0 | |
| 4. | V pondělí ukončila svůj provoz... | Spojené království / Velká Británie | 0 | |
| 5. | Který český brankář minulý týd... | Vítězslav Jaroš | 1 | |
| 6. | Který stát zcela obklopuje zem... | Jihoafrická republika (JAR, Jižní Afrika) | 1 | |
| 7. | Berlínská zeď oddělovala výcho... | 1961 (1960 a 1962 za půl bodu) | 0 | |
| 8. | V Pásmu Gazy, jež je v podstat... | A | 0 | |
| 9. | V roce 2015 během jediného dne... | Indie a Bangladéš | 0 | |
| 10. | Jak se jmenují dvě španělská m... | Ceuta a Melilla | 1 |